Statistiques concernant Le pays correspondant à sa capitale (Asie)

Cliquez ici pour prendre le quiz!

Statistiques générales

  • Ce quiz a été pris 1 334 fois
    (629 depuis la dernière actualisation)
  • Le résultat moyen est 36 sur 49

Statistiques - réponses

CapitalesPays% Correct
PékinChine
94%
Koweït CityKoweït
94%
Moscou*Russie
94%
New DelhiInde
93%
Ankara*Turquie
93%
SéoulCorée du Sud
92%
BagdadIrak
92%
Jérusalem / Tel AvivIsraël
92%
BangkokThaïlande
92%
TokyoJapon
91%
PyongyangCorée du Nord
90%
SingapourSingapour
90%
BeyrouthLiban
88%
JakartaIndonésie
86%
Colombo / Sri Jayawardenapura NotteSri Lanka
86%
HanoïViêt Nam
83%
Abou DabiEmirats Arabes Unis
82%
TéhéranIran
82%
DohaQatar
82%
KaboulAfghanistan
81%
ManillePhilippines
80%
DamasSyrie
80%
RiyadArabie Saoudite
79%
Phnom PenhCambodge
79%
Nicosie*Chypre
79%
Kuala LumpurMalaisie
79%
IslamabadPakistan
78%
Oulan-BatorMongolie
75%
TaipeiTaiwan
74%
Erevan*Arménie
73%
KatmandouNépal
72%
Bakou*Azerbaïdjan
70%
Tbilisi*Géorgie
69%
AmmanJordanie
65%
DaccaBangladesh
64%
SanaaYémen
63%
VientianeLaos
61%
MascateOman
58%
MaléMaldives
56%
NaypyidawMyanmar / Birmanie
56%
AchgabatTurkménistan
56%
TachkentOuzbékistan
55%
Bandar Seri BegawanBruneï
53%
BichkekKirghizistan
52%
DouchanbéTadjikistan
51%
ThimphouBhoutan
49%
DiliTimor Oriental
49%
Noursoultan*Kazakhstan
48%
ManamaBahreïn
47%

Distribution des résultats

Percentile par nombre de réponses

% des personnes avec chaque résultat

Votre développement - résultats

Vous n’avez pas pris ce quiz depuis la dernière actualisation